000 00805nam a2200217Ia 4500
999 _c155825
_d155825
003 LDD
005 20191126153534.0
008 190117s9999 xx 000 0 und d
020 _a9789381997796
_c₹100
040 _cLDD
041 _ahi
082 _223
_a8H4.7 ए12
245 0 _aएक था राधा मोहन गोकुल/
_cसंपादक किशन कालजयी
260 _bनयी किताब
_c2015
_aदिल्ली
300 _ax, 128
650 _aराधामोहन गोकुल
_99534
700 _aकालजयी किशन
_eसंपादक
_96388
901 _aSTAR
904 _aReqst by : Satyakam
942 _2ddc
_cH
_e23
_h8H4.7 ए12